00237nam a22001097a 4500003000400000020001800004082001600022100001700038245003100055260003300086300000800119SGT a81-7391-611-X a371.33bNAS aNASEEMA, C.  aFROM BLACKBOARD TO THE WEB aINDIA bKANISHKA PUB. c2014 a150